1999 VICTORY WITHOUT WAR (Record no. 542568)
[ view plain ]
| 000 -LEADER | |
|---|---|
| fixed length control field | 00429nam a22001457a 4500 |
| 082 ## - DEWEY DECIMAL CLASSIFICATION NUMBER | |
| Classification number | 327.1 |
| Author Mark | NIX |
| -- | L-30-II, P-167 |
| 100 ## - MAIN ENTRY--PERSONAL NAME | |
| Personal name | Nixon Richard |
| 9 (RLIN) | 37782 |
| 245 ## - TITLE STATEMENT | |
| Title | 1999 VICTORY WITHOUT WAR |
| Statement of responsibility, etc. | Richard Nixon |
| 260 ## - PUBLICATION, DISTRIBUTION, ETC. | |
| Place of publication, distribution, etc. | Great Britain, London |
| Name of publisher, distributor, etc. | Sidgwick & Jackson Limited |
| Date of publication, distribution, etc. | 1988 |
| 300 ## - PHYSICAL DESCRIPTION | |
| Extent | xi, 336P.: |
| 526 ## - STUDY PROGRAM INFORMATION NOTE | |
| Program name | 0 |
| Interest level | 0 |
| Reading level | 0 |
| Title point value | 327_100000000000000_NIX |
| 650 ## - SUBJECT ADDED ENTRY--TOPICAL TERM | |
| Topical term or geographic name entry element | NUST |
| 9 (RLIN) | 6342 |
| 700 ## - ADDED ENTRY--PERSONAL NAME | |
| Personal name | NIXON RICHARD |
| 9 (RLIN) | 37783 |
| 942 ## - ADDED ENTRY ELEMENTS (KOHA) | |
| Source of classification or shelving scheme | |
| Koha item type | Book |
| Withdrawn status | Lost status | Source of classification or shelving scheme | Damaged status | Not for loan | Permanent Location | Current Location | Date acquired | Total Checkouts | Full call number | Barcode | Date last seen | Price effective from | Koha item type |
|---|---|---|---|---|---|---|---|---|---|---|---|---|---|
| Military College of Engineering (MCE) | Military College of Engineering (MCE) | 02/03/2014 | 327.1 NIX | MCE-22354 | 02/03/2014 | 02/03/2014 | Book |
